00224nam a2200097 a 450000500170000000800410001705000210005824500250007925000120010426000100011620141022142003.0120308s19uu xx 00 eng d aCD-ROMbK28 2007 aPsychiatric nursing. a5th ed. c2007.